Normal view
MARC view
Entry Topical Term
001 - CONTROL NUMBER
- control field: 63472
003 - CONTROL NUMBER IDENTIFIER
- control field: OSt
005 - DATE AND TIME OF LATEST TRANSACTION
- control field: 20160609141151.0
008 - FIXED-LENGTH DATA ELEMENTS
- fixed length control field: 160609|| aca||aabn | a|a d
040 ## - CATALOGING SOURCE
- Original cataloging agency: OSt
- Transcribing agency: OSt
150 ## - HEADING--TOPICAL TERM
- Topical term or geographic name entry element: Political Sci
670 ## - SOURCE DATA FOUND
- Source citation: Work cat.: (OSt)29794: कपूर, मस्तराम 63471, राष्ट्रीय एकता का संकट और सांप्रदायिक शक्तियॉ , 1998









